00276nam a2200097Ia 4500008004100000245002900041245003100070260000900101650001700110856005100127171211s9999 xx 000 0 und d 4aThe Permaculture Promise cJono Neiger and ToHemenway c2016 xArchitecture uhttp://down.ebook777.com/064/9781612124278.pdf